| 000 | 00640 a2200193 4500 | ||
|---|---|---|---|
| 999 |
_c183048 _d183048 |
||
| 005 | 20220222112218.0 | ||
| 010 | _aENG-130330 | ||
| 020 |
_a9788-93-8824-94-3 _c230.00 |
||
| 035 | _aEN-113862 | ||
| 037 | _bDBAD / PUB | ||
| 082 | _a616.120754 | ||
| 100 | _aAtre, Vasundhra | ||
| 245 |
_aHeart Beat Attack the Heart Attack: _cVasundhra Atre |
||
| 250 | _a2019 | ||
| 260 |
_bVishwakarma Publication _c2019 _aMaharashtra |
||
| 270 |
_bMaharashtra _a34A/1, Suyog Centre, 7th Floor, Gultekadi Marketyard Road,Giridhar Bhavan Chowk, Pune _e411037 |
||
| 300 |
_a175p. _c21cm (pbk) |
||
| 942 |
_adpl _cEN _2ddc _h616.120754 _mATR |
||